000 01671nam a2200373 i 4500
001 193705
003 ES-MaACL
005 20240208063127.0
007 ta
008 240206s1911||||fr a freb 000 0 fre d
035 _a(OCoLC)492486102
035 _a097551481
040 _aABES
_bfre
_eAFNOR
_cES-MaACL
100 1 _aPaillard, Georges
_9235061
245 1 4 _aLes Accumulateurs électriques.
_nPremière partie,
_pGénéralités, théorie, fabrication /
_cpar G. Paillard,....
246 _aGénéralités, théorie, fabrication
264 1 _aParis :
_bLibrairie des Sciences et de l'Industrie :
_bL. Geisler, imprimeur-éditeur,
_c1911.
300 _a96 páginas :
_bilustraciones, tablas ;
_c25 cm.
336 _btxt
_2rdacontent
_atexto
337 _bn
_2rdamedia
_asin mediación
337 _bn
_2isbdmedia
_asin mediación
338 _bnga
_2RDAfrCarrier
_avolumen
490 1 _aEncyclopédie électrotechnique ;
_v17e Fascicule
504 _aNotes bibliogr. en bas de page.
562 _aOuvrage relié avec 5 autres documents de la collection Encyclopédie électrotechnique
650 4 _aAcumuladores eléctricos
_99604
760 0 _tEncyclopédie électrotechnique / par un comité d'Ingénieurs spécialistes / M. F. Loppé,...
_dParis : L. Geisler, 1907?-1918
_h54 fasc.
_g17
_w(ABES)139541152
830 _9235039
_aEncyclopédie électrotechnique
_v17
852 _aES-MaACL
_bR.M.8238/1
_cSVI
_jD-8692(1)
_fSello en tinta en portada: "Ateneo de Madrid. Biblioteca"
886 2 _2unimarc
_a181
_ai#
_bxxxe##
942 _n0
_cMONOGRAFIA
999 _c193705
_d193705